[Event "105th British-ch 2018"]
[Site "Hull"]
[Date "2018.08.05"]
[Round "9"]
[White "Macklin, Paul"]
[Black "Adair, James R"]
[Result "1/2-1/2"]
[WhiteElo "2363"]
[BlackElo "2492"]
[Annotator "TA"]
[PlyCount "169"]
[EventDate "2018.07.28"]
[EventType "swiss"]
[EventCountry "GBR"]
[SourceTitle "playchess.com"]
[Source "ChessBase"]
[SourceQuality "1"]

{[%evp 13,169,-15,-16,-29,-46,-45,-27,-16,-13,-45,-37,-46,-39,-47,-42,-64,-68,-64,-59,-135,-125,-117,-114,-101,-102,-100,-99,-92,-65,-77,-77,-71,-77,-67,-73,-79,-51,-89,-38,-58,-68,-78,-45,-151,-151,-143,-50,-54,-44,-39,-33,-60,-38,-50,-58,-102,-103,-152,-147,-148,-147,-156,-155,-143,-148,-130,-126,-144,-150,-227,-137,-193,-125,-154,-127,-150,-139,-134,-132,-93,-97,-105,-40,-164,-164,-175,-52,-44,-44,-71,0,0,0,0,0,-29,0,-58,-57,-72,0,0,0,0,0,-43,0,0,0,-59,-59,-63,-60,-202,-197,-215,-62,-59,-45,-59,-59,-53,-51,-59,-53,-59,-75,-66,-79,-225,-225,-225,-225,-225,-225,-225,-12,-12,-12,-12,-12,-12,0,-12,-12,-12,-12,-12,-12,-12,0,-12,0,-50,0,-149,0,-50]} 1. e4 c5 2. Nf3 d6 3. Nc3 Nf6 4. e5 dxe5 5. Nxe5 a6 6. g3 {B50: Sicilian: 2...d6, Miscellaneous} Qd6 (6... Qc7 7. d4 cxd4 8. Qxd4 Nc6 9. Nxc6 Qxc6 10. Bg5 e6 11. Bxf6 gxf6 12. Qxf6 Rg8 13. O-O-O Be7 {½-½ (98) Artemiev,V (2691)-Mamedov,R (2709) Huaian 2017}) 7. Nc4 Qc6 {LiveBook: 3 Games} 8. Rg1 Bg4 9. Be2 Qe6 10. d3 b5 11. Ne3 $146 {[%cal Re2g4]} (11. Nd2 {with more complications.} Nc6 12. f3 Bh3 13. a4 b4 14. Nce4) ({Predecessor:} 11. Na5 h5 12. Be3 Nbd7 13. Qd2 Ne5 {0-1 (37) Scheerer,C (2394)-Szelag,M (2466) Germany 2012}) 11... Bxe2 12. Qxe2 Nc6 $36 {[%cal Bb8c6,Bc6d4,Bd4c2][%mdl 2080] Black has some pressure.} 13. f3 g6 14. Kf1 Bg7 15. Kg2 O-O 16. Bd2 (16. Kh1 $15) 16... Nd4 $17 17. Qf2 Qc6 18. Rgf1 Nd7 19. Ncd5 {[%cal Bc3d5,Bd5e3,Be3g4,Bg4h6][%mdl 32]} Rfe8 20. c3 Nc2 21. Rad1 Nxe3+ 22. Nxe3 Rad8 23. Bc1 Nb6 24. Rfe1 Rd6 25. Ng4 e5 (25... h5 $17 26. Nh6+ Kf8) 26. Nh6+ Kf8 27. Kg1 Nd7 28. b4 (28. Kg2 $15) 28... cxb4 29. cxb4 Rd4 (29... Nb6 $17 30. Kg2 Qd7) 30. a3 $15 Qd6 31. Be3 Rd5 32. Qa2 Qe6 33. Qb3 Rd6 34. Qc2 Rc6 35. Qg2 Rc3 36. Qd2 Rxa3 37. Re2 Qd5 38. Kg2 Rc8 39. Rc1 Rc6 ({Don't blunder} 39... Rxc1 $2 40. Qxc1 Rxd3 41. Qc8+ Ke7 42. Ng8+ Ke6 43. Rc2 $18) 40. Rxc6 Qxc6 41. Qd1 (41. Ng4 $17) 41... f6 42. Rc2 (42. Ng4 $17 {is a better defense.}) 42... Rc3 (42... Qd5 $19 43. Rc7 Ke8) 43. Rxc3 $17 Qxc3 44. Qb1 Bxh6 45. Bxh6+ Ke7 46. Be3 Kd8 47. Kf2 Kc8 (47... Kc7 $17 48. Ke2 g5) 48. Qa2 (48. Ke2 $1 $15) 48... Kb7 $19 ({Don't do} 48... Qxb4 49. Qxa6+ Kc7 50. Qa7+ Kd6 51. Qa6+ Ke7 52. Qb7 $17) 49. Qd5+ Qc6 (49... Kc7 $19 50. Qe4 f5) 50. Qb3 $15 Qd6 51. Ke2 f5 (51... Qe7 $17) 52. Qf7 $11 h5 53. h4 Kc7 54. Qb3 (54. Bd2 {seems wilder.} Qf6 55. Qe8 f4 56. gxf4 Qxh4 57. fxe5 Qh2+ 58. Kd1) 54... Qe7 (54... f4 $5 {[%cal Rf4e3]} 55. Bf2 Qe7 $17) 55. Qc3+ ({White should try} 55. Bg5 $11 Qf8 56. Qc2+ Kb6 57. Qb3) 55... Kb7 $15 56. Qb3 Qd6 (56... f4 $1 $17 {[%cal Rf4e3]} 57. Bf2 Qd6) 57. Qf7 $11 Kc6 58. Qa2 Kc7 59. Qb3 Qc6 (59... f4 $5 {[%cal Rf4e3]} 60. Bf2 Qc6 $17) 60. Qa2 Kb7 61. Qb3 ({Better is} 61. Qf7 $11) 61... e4 $1 $15 {[%cal Re4d3]} 62. fxe4 fxe4 63. dxe4 (63. Bd4 $1 $15) 63... Qxe4 $19 64. Qd3 {[#]} Qe6 $2 (64... Qc4 $1 $19 65. Qxc4 bxc4) 65. Qd4 $15 Nf6 66. Qa7+ Kc8 67. Qa8+ Kd7 68. Qb7+ Ke8 69. Qb8+ Kf7 {Strongly threatening ...Qc4+.} 70. Qc7+ Qd7 71. Qf4 {[#]} (71. Qxd7+ $17 Nxd7 72. Kf3) 71... Qg4+ $1 $19 72. Kd3 Ke6 73. Kd4 Qxf4+ 74. Bxf4 {[%mdl 4096] Endgame KB-KN} Nd5 $2 ({Black should play} 74... Kf5 $19 75. Kc5 Ke4) 75. Bd2 $11 Kd6 76. Ke4 Nf6+ 77. Kd4 Nd5 78. Ke4 Ne7 79. Kf4 Ke6 80. Ke4 Nc6 81. Bc3 Ne7 82. Bd2 Nd5 83. Kd4 Nf6 (83... Nb6 $15) 84. Bf4 $1 $17 Nd5 (84... Kf5 $17 85. Kc5 Ke4) 85. Bd2 {Precision: White = 54%, Black = 50%.} 1/2-1/2

[Event "105th British-ch 2018"]
[Site "Hull"]
[Date "2018.08.05"]
[Round "9"]
[White "Zakarian, David"]
[Black "Payne, Matthew J"]
[Result "1-0"]
[WhiteElo "2354"]
[BlackElo "2113"]
[Annotator "NA"]
[PlyCount "123"]
[EventDate "2018.07.28"]
[EventType "swiss"]
[EventCountry "GBR"]
[SourceTitle "playchess.com"]
[Source "ChessBase"]
[SourceQuality "1"]
[TimeControl "40/5400+30:1800+30"]

1. e4 {[%emt 0:00:00]} e6 {[%emt 0:00:00]} 2. d4 {[%emt 0:00:01]} d5 {[%emt 0:00:00]} 3. Nd2 {[%emt 0:00:18]} Nc6 {[%emt 0:00:00]} 4. Ngf3 {[%emt 0:00:42]} Nf6 {[%emt 0:00:14]} 5. e5 {[%emt 0:00:12]} Nd7 {[%emt 0:00:11]} 6. Nb3 {[%emt 0:00:09]} a5 {[%emt 0:00:45]} 7. a4 {[%emt 0:00:07]} Be7 {[%emt 0:00:23]} 8. h4 {[%emt 0:00:11]} b6 {[%emt 0:11:30]} 9. Ng5 {[%emt 0:00:26]} h6 {[%emt 0:10:17]} 10. Nxe6 {[%emt 0:00:56]} fxe6 {[%emt 0:00:10]} 11. Qh5+ {[%emt 0:00:05]} Kf8 {[%emt 0:00:01]} 12. Rh3 {[%emt 0:00:07]} Qe8 {[%emt 0:05:49]} 13. Rf3+ {[%emt 0:01:06]} Bf6 {[%emt 0:00:06]} 14. Qxe8+ {[%emt 0:02:49]} Kxe8 {[%emt 0:00:08]} 15. exf6 {[%emt 0:01:32]} gxf6 {[%emt 0:01:18]} 16. Bb5 {[%emt 0:02:05]} Nb4 {[%emt 0:07:28]} 17. Kd1 {[%emt 0:01:29]} c6 {[%emt 0:06:17]} 18. Be2 {[%emt 0:00:30]} Ba6 {[%emt 0:11:12]} 19. c3 {[%emt 0:02:58]} Bxe2+ {[%emt 0:00:21]} 20. Kxe2 {[%emt 0:00:05]} Na6 {[%emt 0:00:04]} 21. h5 {[%emt 0:02:34]} Ke7 {[%emt 0:07:25]} 22. Bd2 {[%emt 0:03:39]} Rag8 {[%emt 0:05:13]} 23. Kf1 {[%emt 0:01:31]} Rg4 {[%emt 0:04:55]} 24. g3 {[%emt 0:00:35]} c5 {[%emt 0:02:55]} 25. Re1 {[%emt 0:01:47]} e5 {[%emt 0:05:41]} 26. Rf4 {[%emt 0:05:30]} Rxf4 {[%emt 0:04:02]} 27. gxf4 {[%emt 0:00:53]} e4 {[%emt 0:00:05]} 28. f5 {[%emt 0:00:09]} cxd4 {[%emt 0:04:18]} 29. Nxd4 {[%emt 0:03:06]} Ne5 {[%emt 0:02:33]} 30. Ke2 {[%emt 0:01:20]} Nc4 {[%emt 0:03:40]} 31. Bc1 {[%emt 0:00:59]} Nc5 {[%emt 0:01:14]} 32. Rg1 {[%emt 0:19:09]} Nd3 {[%emt 0:04:19]} 33. Rg7+ {[%emt 0:01:37]} Kd6 {[%emt 0:00:03]} 34. Be3 {[%emt 0:00:07]} Nxe3 {[%emt 0:00:47]} 35. Kxe3 {[%emt 0:00:10]} Nxb2 {[%emt 0:01:23]} 36. Rf7 {[%emt 0:02:50]} Nxa4 {[%emt 0:01:54]} 37. Rxf6+ {[%emt 0:00:12]} Ke7 {[%emt 0:00:07]} 38. Re6+ {[%emt 0:00:17]} Kd7 {[%emt 0:00:27]} 39. Nb5 {[%emt 0:00:10]} Rf8 {[%emt 0:01:24]} 40. Kf4 {[%emt 0:10:35]} Nc5 {[%emt 0:00:07]} 41. Rxh6 {[%emt 0:30:19]} Nd3+ {[%emt 0:30:22]} 42. Kg5 {[%emt 0:00:12]} Nxf2 {[%emt 0:00:21]} 43. Rh7+ {[%emt 0:01:23]} Kc6 {[%emt 0:01:09]} 44. Nd4+ {[%emt 0:00:24]} Kd6 {[%emt 0:00:06]} 45. Rh6+ {[%emt 0:00:23]} Kd7 {[%emt 0:00:00]} 46. Rxb6 {[%emt 0:00:00]} Nh3+ {[%emt 0:00:00]} 47. Kg4 {[%emt 0:00:00]} Nf2+ {[%emt 0:00:00]} 48. Kf4 {[%emt 0:00:00]} Nd3+ {[%emt 0:00:00]} 49. Kg5 {[%emt 0:00:00]} Ne5 {[%emt 0:00:00]} 50. h6 {[%emt 0:00:00]} Nf7+ {[%emt 0:00:00]} 51. Kg6 {[%emt 0:00:00]} Ne5+ {[%emt 0:00:00]} 52. Kg7 {[%emt 0:00:00]} Rf7+ {[%emt 0:00:00]} 53. Kg8 {[%emt 0:00:00]} Ke8 {[%emt 0:00:00]} 54. Re6+ {[%emt 0:00:57]} Re7 {[%emt 0:00:00]} 55. Rxe5 {[%emt 0:01:58]} Rxe5 {[%emt 0:00:00]} 56. h7 {[%emt 0:00:04]} Kd7 {[%emt 0:00:00]} 57. h8=Q {[%emt 0:00:26]} Re8+ {[%emt 0:00:00]} 58. Kg7 {[%emt 0:00:05]} Rxh8 {[%emt 0:00:00]} 59. Kxh8 {[%emt 0:00:05]} e3 {[%emt 0:00:00]} 60. f6 {[%emt 0:00:09]} a4 {[%emt 0:00:00]} 61. f7 {[%emt 0:00:12]} Ke7 {[%emt 0:00:00]} 62. Kg7 {[%emt 0:00:08]} 1-0

[Event "105th British-ch 2018"]
[Site "Hull"]
[Date "2018.08.05"]
[Round "9"]
[White "Fitzsimons, David"]
[Black "Wells, Peter K"]
[Result "0-1"]
[WhiteElo "2328"]
[BlackElo "2426"]
[Annotator "TA"]
[PlyCount "58"]
[EventDate "2018.07.28"]
[EventType "swiss"]
[EventCountry "GBR"]
[SourceTitle "playchess.com"]
[Source "ChessBase"]
[SourceQuality "1"]

{[%evp 15,58,16,9,13,22,18,30,16,13,14,30,0,0,0,0,-49,26,-20,-7,-9,0,0,0,0,0,0,0,-93,-89,-180,-177,-247,-241,-732,-733,-733,-731,-733,-733,-704,-691,-854,-920,-864,-731]} 1. e4 c6 2. d4 d5 3. exd5 cxd5 4. Bf4 Nc6 5. c3 Bf5 (5... Nf6 6. Bd3 Bg4 7. Qb3 Qc8 8. Nd2 e6 9. Ngf3 Bh5 10. O-O Be7 11. Rae1 a6 12. Qc2 Bg6 13. Ne5 Nxd4 14. Qa4+ Nc6 15. Nxg6 hxg6 16. Nf3 b5 17. Qd1 Qd7 18. a4 bxa4 19. Qxa4 {1-0 (84) Nakamura,H (2780)-Topalov,V (2749) Saint Louis 2017}) 6. Nd2 {B13: Caro-Kann: Exchange Variation and Panov-Botvinnik Attack} e6 7. Ngf3 Bd6 8. Bxd6 Qxd6 {LiveBook: 8 Games} 9. Bb5 Nge7 10. Nh4 Bg6 11. g3 $146 (11. Nb3 {feels hotter.} a6 12. Be2 Be4 13. f3 Bg6 14. O-O) 11... a6 12. Nxg6 hxg6 13. Be2 g5 14. Kf1 f5 15. Nb3 Kf7 (15... e5 $15) 16. Bd3 Rh6 17. Qd2 g4 18. Re1 Rah8 19. Kg2 a5 20. Bc2 b6 $36 {[%mdl 2048] Black fights for an advantage.} 21. Nc1 {[#]} (21. Qe3 $11) 21... e5 $1 $17 22. dxe5 (22. h3 $17) 22... Nxe5 $19 23. Qf4 (23. Bd1 {was called for.}) 23... Nf3 {[%cal Rh6h2]} 24. Rd1 $2 (24. Qxd6 Nxe1+ 25. Rxe1 Rxd6 26. Nd3) 24... Rxh2+ {Black is clearly winning.} 25. Rxh2 Rxh2+ 26. Kf1 Qxf4 27. gxf4 {[#]} g3 $1 {[%csl Gg3][%cal Rh2f2][%mdl 512]} 28. Ke2 (28. fxg3 Rxc2) 28... Rxf2+ 29. Ke3 {[#]} d4+ $1 {Precision: White = 35%, Black = 62%.} 0-1

[Event "105th British-ch 2018"]
[Site "Hull"]
[Date "2018.08.05"]
[Round "9"]
[White "Abdulla, Murad"]
[Black "Kalaiyalahan, Akshaya"]
[Result "0-1"]
[WhiteElo "2281"]
[BlackElo "2138"]
[Annotator "ChessBase"]
[PlyCount "114"]
[EventDate "2018.07.28"]
[EventType "swiss"]
[EventCountry "GBR"]
[SourceTitle "playchess.com"]
[Source "ChessBase"]
[SourceQuality "1"]
[TimeControl "40/5400+30:1800+30"]

1. e4 {[%emt 0:01:44]} c5 {[%emt 0:00:00]} 2. Nf3 {[%emt 0:00:15]} Nc6 {[%emt 0:00:00]} 3. d4 {[%emt 0:00:28]} cxd4 {[%emt 0:00:10]} 4. Nxd4 {[%emt 0:00:19]} g6 {[%emt 0:00:22]} 5. Nc3 {[%emt 0:00:19]} Bg7 {[%emt 0:00:20]} 6. Nde2 {[%emt 0:01:41]} Nf6 {[%emt 0:02:48]} 7. g3 {[%emt 0:00:39]} d6 {[%emt 0:02:38]} 8. Bg2 {[%emt 0:00:17]} O-O {[%emt 0:01:08]} 9. O-O {[%emt 0:00:28]} Bd7 {[%emt 0:04:37]} 10. h3 {[%emt 0:00:36]} a6 {[%emt 0:02:40]} 11. a4 {[%emt 0:00:24]} Rb8 {[%emt 0:03:17]} 12. b3 {[%emt 0:07:38]} b5 {[%emt 0:06:09]} 13. Rb1 {[%emt 0:04:04]} Ne8 {[%emt 0:12:33]} 14. axb5 {[%emt 0:04:26]} axb5 {[%emt 0:01:53]} 15. Be3 {[%emt 0:00:17]} b4 {[%emt 0:05:11]} 16. Nd5 {[%emt 0:01:19]} e6 {[%emt 0:03:09]} 17. Ndf4 {[%emt 0:00:37]} Qe7 {[%emt 0:02:17]} 18. Qd2 {[%emt 0:02:18]} Nc7 {[%emt 0:02:31]} 19. Rbd1 {[%emt 0:08:56]} Nb5 {[%emt 0:02:18]} 20. h4 {[%emt 0:04:55]} Rfc8 {[%emt 0:06:49]} 21. h5 {[%emt 0:05:38]} Ne5 {[%emt 0:07:19]} 22. hxg6 {[%emt 0:05:08]} hxg6 {[%emt 0:00:28]} 23. f3 {[%emt 0:06:20]} Bf8 {[%emt 0:06:18]} 24. Nd4 {[%emt 0:09:23]} Nc3 {[%emt 0:02:14]} 25. Ra1 {[%emt 0:02:39]} Rc7 {[%emt 0:07:17]} 26. Ra5 {[%emt 0:03:56]} Nc6 {[%emt 0:01:49]} 27. Nxc6 {[%emt 0:04:45]} Bxc6 {[%emt 0:00:17]} 28. Nd3 {[%emt 0:01:28]} Bg7 {[%emt 0:00:53]} 29. e5 {[%emt 0:00:55]} dxe5 {[%emt 0:04:06]} 30. Bc5 {[%emt 0:07:13]} Qd7 {[%emt 0:00:28]} 31. Bxb4 {[%emt 0:03:46]} Qd4+ {[%emt 0:05:03]} 32. Rf2 {[%emt 0:00:59]} e4 {[%emt 0:00:14]} 33. fxe4 {[%emt 0:02:03]} Nxe4 {[%emt 0:01:52]} 34. c3 {[%emt 0:01:39]} Qxf2+ {[%emt 0:02:13]} 35. Qxf2 {[%emt 0:05:01]} Nxf2 {[%emt 0:00:05]} 36. Nxf2 {[%emt 0:00:07]} Bxg2 {[%emt 0:01:50]} 37. Bd6 {[%emt 0:00:19]} Rcc8 {[%emt 0:00:16]} 38. Bxb8 {[%emt 0:00:17]} Rxb8 {[%emt 0:00:04]} 39. Kxg2 {[%emt 0:00:26]} Bxc3 {[%emt 0:00:08]} 40. Ra3 {[%emt 0:02:20]} Bb2 {[%emt 0:00:26]} 41. Ra6 {[%emt 0:31:02]} Rxb3 {[%emt 0:33:02]} 42. Ne4 {[%emt 0:00:13]} Be5 {[%emt 0:00:00]} 43. Ra5 {[%emt 0:00:00]} Bb8 {[%emt 0:00:00]} 44. g4 {[%emt 0:00:00]} f5 {[%emt 0:00:00]} 45. Nc5 {[%emt 0:00:00]} Rb4 {[%emt 0:00:00]} 46. g5 {[%emt 0:00:00]} Kf7 {[%emt 0:00:00]} 47. Kf3 {[%emt 0:00:00]} Bd6 {[%emt 0:00:00]} 48. Nd3 {[%emt 0:00:00]} Rb7 {[%emt 0:00:00]} 49. Ra6 {[%emt 0:00:00]} Rd7 {[%emt 0:00:00]} 50. Nb2 {[%emt 0:00:00]} e5 {[%emt 0:00:00]} 51. Nc4 {[%emt 0:00:00]} e4+ {[%emt 0:00:00]} 52. Ke3 {[%emt 0:00:00]} Bc7 {[%emt 0:00:00]} 53. Rf6+ {[%emt 0:00:00]} Kg7 {[%emt 0:00:00]} 54. Rc6 {[%emt 0:00:00]} Rd3+ {[%emt 0:00:00]} 55. Ke2 {[%emt 0:00:00]} Bf4 {[%emt 0:00:00]} 56. Ra6 {[%emt 0:00:00]} Rd7 {[%emt 0:00:00]} 57. Rc6 {[%emt 0:00:00]} Re7 {[%emt 0:00:00]} 0-1

[Event "105th British-ch 2018"]
[Site "Hull"]
[Date "2018.08.05"]
[Round "9"]
[White "Kalavannan, Koby"]
[Black "Houska, Jovanka"]
[Result "1/2-1/2"]
[WhiteElo "2277"]
[BlackElo "2406"]
[Annotator "NA"]
[PlyCount "67"]
[EventDate "2018.07.28"]
[EventType "swiss"]
[EventCountry "GBR"]
[SourceTitle "playchess.com"]
[Source "ChessBase"]
[SourceQuality "1"]
[TimeControl "40/5400+30:1800+30"]

1. d4 {[%emt 0:00:00]} d5 {[%emt 0:00:00]} 2. c4 {[%emt 0:00:00]} e6 {[%emt 0:00:05]} 3. g3 {[%emt 0:00:00]} Nf6 {[%emt 0:00:37]} 4. Bg2 {[%emt 0:00:00]} Bb4+ {[%emt 0:00:06]} 5. Nd2 {[%emt 0:00:00]} O-O {[%emt 0:00:28]} 6. Ngf3 {[%emt 0:00:03]} b6 {[%emt 0:00:31]} 7. O-O {[%emt 0:00:08]} Bb7 {[%emt 0:00:03]} 8. Ne5 {[%emt 0:00:13]} Qc8 {[%emt 0:00:16]} 9. Qa4 {[%emt 0:09:43]} Be7 {[%emt 0:07:37]} 10. cxd5 {[%emt 0:10:28]} Bxd5 {[%emt 0:01:45]} 11. e4 {[%emt 0:06:48]} Bb7 {[%emt 0:00:06]} 12. b4 {[%emt 0:04:13]} b5 {[%emt 0:05:41]} 13. Qb3 {[%emt 0:16:13]} a5 {[%emt 0:01:50]} 14. bxa5 {[%emt 0:08:14]} Rxa5 {[%emt 0:04:42]} 15. Bb2 {[%emt 0:00:46]} Nbd7 {[%emt 0:04:21]} 16. Rfc1 {[%emt 0:02:39]} Nxe5 {[%emt 0:24:22]} 17. dxe5 {[%emt 0:00:02]} Ne8 {[%emt 0:00:06]} 18. Bc3 {[%emt 0:03:23]} b4 {[%emt 0:07:16]} 19. Nc4 {[%emt 0:01:46]} Ra6 {[%emt 0:07:35]} 20. Bxb4 {[%emt 0:00:49]} Bxb4 {[%emt 0:00:29]} 21. Qxb4 {[%emt 0:00:01]} Qa8 {[%emt 0:00:05]} 22. Qb5 {[%emt 0:17:40]} Bc6 {[%emt 0:02:22]} 23. Qb1 {[%emt 0:01:04]} f5 {[%emt 0:04:55]} 24. Nd2 {[%emt 0:01:25]} Qa7 {[%emt 0:09:32]} 25. Qc2 {[%emt 0:04:19]} Rf7 {[%emt 0:04:04]} 26. Qc5 {[%emt 0:01:58]} Qa8 {[%emt 0:02:23]} 27. Bf1 {[%emt 0:05:40]} Rb6 {[%emt 0:01:23]} 28. exf5 {[%emt 0:00:22]} Rxf5 {[%emt 0:00:35]} 29. a4 {[%emt 0:02:17]} Bd5 {[%emt 0:00:40]} 30. a5 {[%emt 0:00:31]} Rc6 {[%emt 0:00:48]} 31. Qb5 {[%emt 0:02:08]} Qa7 {[%emt 0:00:38]} 32. Qe2 {[%emt 0:01:05]} Rxc1 {[%emt 0:00:14]} 33. Rxc1 {[%emt 0:00:01]} Qxa5 {[%emt 0:00:06]} 34. Bh3 {[%emt 0:00:40]} 1/2-1/2

[Event "105th British-ch 2018"]
[Site "Hull"]
[Date "2018.08.05"]
[Round "9"]
[White "Toma, Katarzyna"]
[Black "Zapolskis, Antanas"]
[Result "0-1"]
[WhiteElo "2274"]
[BlackElo "2283"]
[Annotator "NA"]
[PlyCount "86"]
[EventDate "2018.07.28"]
[EventType "swiss"]
[EventCountry "GBR"]
[SourceTitle "playchess.com"]
[Source "ChessBase"]
[SourceQuality "1"]
[TimeControl "40/5400+30:1800+30"]

1. e4 {[%emt 0:00:00]} c5 {[%emt 0:00:00]} 2. Nf3 {[%emt 0:00:00]} Nc6 {[%emt 0:00:00]} 3. Bb5 {[%emt 0:00:04]} Na5 {[%emt 0:01:02]} 4. d4 {[%emt 0:03:06]} a6 {[%emt 0:01:56]} 5. Be2 {[%emt 0:00:23]} cxd4 {[%emt 0:00:52]} 6. Nxd4 {[%emt 0:00:51]} e5 {[%emt 0:02:20]} 7. Nf3 {[%emt 0:04:03]} d6 {[%emt 0:01:32]} 8. Be3 {[%emt 0:11:56]} Nf6 {[%emt 0:00:39]} 9. Nc3 {[%emt 0:08:26]} Be7 {[%emt 0:02:37]} 10. h3 {[%emt 0:02:47]} b5 {[%emt 0:05:36]} 11. O-O {[%emt 0:01:09]} Bb7 {[%emt 0:00:36]} 12. Nd5 {[%emt 0:05:54]} Nxd5 {[%emt 0:02:25]} 13. exd5 {[%emt 0:00:04]} Nc4 {[%emt 0:00:21]} 14. Bxc4 {[%emt 0:03:41]} bxc4 {[%emt 0:00:07]} 15. b3 {[%emt 0:00:12]} c3 {[%emt 0:01:47]} 16. Qd3 {[%emt 0:00:20]} Rc8 {[%emt 0:00:58]} 17. a4 {[%emt 0:02:14]} O-O {[%emt 0:00:17]} 18. a5 {[%emt 0:00:14]} f5 {[%emt 0:00:12]} 19. Bb6 {[%emt 0:00:40]} Qd7 {[%emt 0:01:15]} 20. Nh2 {[%emt 0:06:21]} e4 {[%emt 0:00:22]} 21. Qe2 {[%emt 0:00:05]} Bxd5 {[%emt 0:15:40]} 22. Qxa6 {[%emt 0:03:01]} Bc6 {[%emt 0:00:06]} 23. Rfd1 {[%emt 0:05:39]} f4 {[%emt 0:09:37]} 24. Qc4+ {[%emt 0:02:15]} Kh8 {[%emt 0:06:04]} 25. Qxc3 {[%emt 0:00:05]} Rf6 {[%emt 0:04:38]} 26. Ng4 {[%emt 0:06:46]} Rf5 {[%emt 0:00:15]} 27. Bd4 {[%emt 0:04:48]} Rg5 {[%emt 0:02:30]} 28. Be5 {[%emt 0:05:16]} Ba8 {[%emt 0:04:14]} 29. Qd4 {[%emt 0:01:39]} Rxg4 {[%emt 0:00:10]} 30. hxg4 {[%emt 0:01:03]} Qxg4 {[%emt 0:00:08]} 31. Bxf4 {[%emt 0:06:52]} Qxf4 {[%emt 0:00:21]} 32. Ra2 {[%emt 0:01:08]} d5 {[%emt 0:00:58]} 33. Qd2 {[%emt 0:05:18]} Qg4 {[%emt 0:06:16]} 34. Rb1 {[%emt 0:03:25]} Bf6 {[%emt 0:01:03]} 35. b4 {[%emt 0:00:22]} d4 {[%emt 0:00:12]} 36. Qd1 {[%emt 0:00:16]} Qg5 {[%emt 0:01:17]} 37. Qe2 {[%emt 0:01:45]} e3 {[%emt 0:01:19]} 38. fxe3 {[%emt 0:00:04]} Bd5 {[%emt 0:00:07]} 39. Ra3 {[%emt 0:02:11]} dxe3 {[%emt 0:01:12]} 40. Rd1 {[%emt 0:02:25]} Re8 {[%emt 0:04:20]} 41. a6 {[%emt 0:33:01]} Bxg2 {[%emt 0:30:51]} 42. Qxg2 {[%emt 0:00:30]} e2 {[%emt 0:00:09]} 43. Re1 {[%emt 0:00:00]} Bd4+ {[%emt 0:00:00]} 0-1

[Event "105th British-ch 2018"]
[Site "Hull"]
[Date "2018.08.05"]
[Round "9"]
[White "Mcmichael, Richard J"]
[Black "Mcdougall, William M"]
[Result "0-1"]
[WhiteElo "2245"]
[BlackElo "2056"]
[Annotator "NA"]
[PlyCount "86"]
[EventDate "2018.07.28"]
[EventType "swiss"]
[EventCountry "GBR"]
[SourceTitle "playchess.com"]
[Source "ChessBase"]
[SourceQuality "1"]
[TimeControl "40/5400+30:1800+30"]

1. f4 {[%emt 0:00:08]} Nf6 {[%emt 0:00:00]} 2. Nf3 {[%emt 0:00:12]} d5 {[%emt 0:00:33]} 3. e3 {[%emt 0:00:11]} g6 {[%emt 0:00:16]} 4. d4 {[%emt 0:00:14]} Bg7 {[%emt 0:00:05]} 5. Bd3 {[%emt 0:00:04]} O-O {[%emt 0:00:09]} 6. O-O {[%emt 0:00:31]} c5 {[%emt 0:00:55]} 7. c3 {[%emt 0:00:07]} b6 {[%emt 0:01:44]} 8. Qe2 {[%emt 0:00:07]} Bb7 {[%emt 0:00:05]} 9. Bd2 {[%emt 0:00:30]} Qc8 {[%emt 0:00:54]} 10. Be1 {[%emt 0:01:03]} Ba6 {[%emt 0:00:33]} 11. Ne5 {[%emt 0:00:13]} Bxd3 {[%emt 0:01:21]} 12. Nxd3 {[%emt 0:00:09]} Nbd7 {[%emt 0:01:54]} 13. Bh4 {[%emt 0:00:32]} Qb7 {[%emt 0:02:47]} 14. Nd2 {[%emt 0:00:24]} Rac8 {[%emt 0:04:24]} 15. g4 {[%emt 0:03:04]} Rfe8 {[%emt 0:15:04]} 16. Qg2 {[%emt 0:03:07]} b5 {[%emt 0:03:12]} 17. f5 {[%emt 0:02:32]} b4 {[%emt 0:07:06]} 18. Rf2 {[%emt 0:07:06]} bxc3 {[%emt 0:07:41]} 19. bxc3 {[%emt 0:00:08]} cxd4 {[%emt 0:00:16]} 20. cxd4 {[%emt 0:00:03]} Rc3 {[%emt 0:01:55]} 21. Rb1 {[%emt 0:04:09]} Qc8 {[%emt 0:04:26]} 22. Rb3 {[%emt 0:01:38]} Rxb3 {[%emt 0:01:34]} 23. Nxb3 {[%emt 0:06:47]} Qc3 {[%emt 0:02:10]} 24. Nbc1 {[%emt 0:00:12]} Rc8 {[%emt 0:01:38]} 25. Rf1 {[%emt 0:04:02]} Nb6 {[%emt 0:01:36]} 26. Bxf6 {[%emt 0:08:33]} exf6 {[%emt 0:03:29]} 27. g5 {[%emt 0:00:52]} Nc4 {[%emt 0:05:29]} 28. Qh3 {[%emt 0:03:27]} Re8 {[%emt 0:04:07]} 29. fxg6 {[%emt 0:01:47]} hxg6 {[%emt 0:04:29]} 30. gxf6 {[%emt 0:00:25]} Rxe3 {[%emt 0:01:47]} 31. Qc8+ {[%emt 0:02:37]} Bf8 {[%emt 0:00:10]} 32. Rf4 {[%emt 0:06:32]} Rxd3 {[%emt 0:09:28]} 33. Nxd3 {[%emt 0:00:04]} Qxd3 {[%emt 0:00:06]} 34. Qg4 {[%emt 0:02:29]} Qe3+ {[%emt 0:07:18]} 35. Kg2 {[%emt 0:04:23]} Qd2+ {[%emt 0:02:55]} 36. Kh3 {[%emt 0:00:28]} Ne3 {[%emt 0:01:15]} 37. Qf3 {[%emt 0:01:38]} Bd6 {[%emt 0:01:09]} 38. Qf2 {[%emt 0:00:10]} Qc1 {[%emt 0:02:33]} 39. Rf3 {[%emt 0:01:45]} Nf5 {[%emt 0:00:56]} 40. Kg4 {[%emt 0:05:08]} Nh6+ {[%emt 0:01:38]} 41. Kh3 {[%emt 0:30:17]} Qg5 {[%emt 0:04:52]} 42. Qh4 {[%emt 0:00:00]} Qg1 {[%emt 0:02:34]} 43. Rf2 {[%emt 0:00:00]} Nf5 {[%emt 0:01:07]} 0-1